<?xml version="1.0" encoding="UTF-8"?><?xml-stylesheet type="text/xsl" href="static/style.xsl"?><OAI-PMH xmlns="http://www.openarchives.org/OAI/2.0/" xmlns:xsi="http://www.w3.org/2001/XMLSchema-instance" xsi:schemaLocation="http://www.openarchives.org/OAI/2.0/ http://www.openarchives.org/OAI/2.0/OAI-PMH.xsd"><responseDate>2026-04-14T06:21:39Z</responseDate><request verb="GetRecord" identifier="oai:www.recercat.cat:10230/48686" metadataPrefix="marc">https://recercat.cat/oai/request</request><GetRecord><record><header><identifier>oai:recercat.cat:10230/48686</identifier><datestamp>2025-12-25T19:56:45Z</datestamp><setSpec>com_2072_6</setSpec><setSpec>col_2072_452954</setSpec></header><metadata><record xmlns="http://www.loc.gov/MARC21/slim" xmlns:dcterms="http://purl.org/dc/terms/" xmlns:xsi="http://www.w3.org/2001/XMLSchema-instance" xmlns:doc="http://www.lyncode.com/xoai" xsi:schemaLocation="http://www.loc.gov/MARC21/slim http://www.loc.gov/standards/marcxml/schema/MARC21slim.xsd">
   <leader>00925njm 22002777a 4500</leader>
   <datafield ind2=" " ind1=" " tag="042">
      <subfield code="a">dc</subfield>
   </datafield>
   <datafield ind2=" " ind1=" " tag="720">
      <subfield code="a">Ferrer Andreu, Emilia</subfield>
      <subfield code="e">author</subfield>
   </datafield>
   <datafield ind2=" " ind1=" " tag="260">
      <subfield code="c">2021-10-18T13:29:58Z</subfield>
   </datafield>
   <datafield ind2=" " ind1=" " tag="260">
      <subfield code="c">2021-10-18T13:29:58Z</subfield>
   </datafield>
   <datafield ind2=" " ind1=" " tag="260">
      <subfield code="c">2021-10-18</subfield>
   </datafield>
   <datafield ind2=" " ind1=" " tag="520">
      <subfield code="a">Treball de fi de grau en Traducció i Interpretació. Tutor: Damià Alou Ramis</subfield>
   </datafield>
   <datafield ind2=" " ind1=" " tag="520">
      <subfield code="a">El humor está presente en todo tipo de textos susceptibles de ser traducidos. El humor y la cultura&#xd;
están intrínsecamente ligados y eso suele dificultar su identificación y la manera cómo se&#xd;
reproduce la intención humorística en una lengua y una cultura ajenas a las originales. En&#xd;
consecuencia, los traductores adoptan el papel de mediadores culturales y, como tales, tendrán que&#xd;
eliminar las barreras lingüísticas y culturales que separan el texto de origen (TO) del texto meta&#xd;
(TM). En el presente trabajo se pretende reflexionar sobre el concepto de humor y los elementos&#xd;
que lo constituyen y averiguar qué referencias culturales pueden causar dificultades de&#xd;
comprensión al espectador y qué tipo de soluciones proponen los traductores para resolver este&#xd;
problema mediante el análisis de diversos comentarios extraídos de la sitcom norteamericana&#xd;
Seinfeld (1989), la cual ha sido un vehículo perfecto para ampliar mis conocimientos de inglés a&#xd;
nivel oral y, sobre todo, a la hora de aprender muchas expresiones coloquiales. Para llevar a cabo&#xd;
el análisis he usado los guiones originales de la serie y la versión doblada en la plataforma Amazon&#xd;
Prime Video.</subfield>
   </datafield>
   <datafield ind2=" " ind1=" " tag="520">
      <subfield code="a">L’humor és present entre tots els tipus de textos susceptibles de ser traduïts. L&amp;apos;humor i la cultura&#xd;
estan intrínsecament lligats i això acostuma a dificultar la seva identificació i la manera com es&#xd;
reprodueix la intenció humorística en una llengua i una cultura alienes a les originals. En&#xd;
conseqüència, els traductors adopten el paper de mediadors culturals i, com a tals, hauran&#xd;
d&amp;apos;eliminar les barreres lingüístiques i culturals que separen el text d&amp;apos;origen (TO) del text meta&#xd;
(TM). En el present treball es pretén reflexionar sobre el concepte d&amp;apos;humor i els elements que el&#xd;
constitueixen i esbrinar quines referències culturals poden causar dificultats de comprensió a&#xd;
l&amp;apos;espectador i quin tipus de solucions proposen els traductors per a resoldre aquest problema&#xd;
mitjançant l&amp;apos;anàlisi de diversos comentaris extrets de la sitcom nord-americana Seinfeld (1989), la&#xd;
qual ha estat un vehicle perfecte per a ampliar els meus coneixements d&amp;apos;anglès a nivell oral i,&#xd;
sobretot, a l&amp;apos;hora d&amp;apos;aprendre moltes expressions col·loquials. Per a dur a terme l&amp;apos;anàlisi he utilitzat&#xd;
els guions originals de la sèrie i la versió doblada en la plataforma Amazon Prime Vídeo.</subfield>
   </datafield>
   <datafield ind2=" " ind1=" " tag="520">
      <subfield code="a">Humour is present in all kinds of texts that can be translated. Humour and culture are intrinsically&#xd;
linked and this often makes it difficult to identify them and to reproduce the humorous intention&#xd;
in a language and culture that are foreign to the original. Consequently, translators adopt the role&#xd;
of cultural mediators and they will have to eliminate the linguistic and cultural barriers that&#xd;
separate the source text (ST) from the target text (TT). The aim of this study is to reflect on the&#xd;
concept of humour and the elements that constitute it and to find out which cultural references can&#xd;
cause comprehension difficulties for the viewer and what kind of solutions translators propose to&#xd;
solve this problem by analysing various comments taken from the American sitcom Seinfeld&#xd;
(1989), which has been a perfect vehicle for expanding my knowledge of English at an oral level&#xd;
and, above all, for learning many colloquial expressions. To carry out the analysis I have used the&#xd;
original scripts of the series and the dubbed version on the Amazon Prime Video platform.</subfield>
   </datafield>
   <datafield tag="653" ind2=" " ind1=" ">
      <subfield code="a">Humor</subfield>
   </datafield>
   <datafield tag="653" ind2=" " ind1=" ">
      <subfield code="a">Referentes culturales</subfield>
   </datafield>
   <datafield tag="653" ind2=" " ind1=" ">
      <subfield code="a">Seinfeld</subfield>
   </datafield>
   <datafield tag="653" ind2=" " ind1=" ">
      <subfield code="a">Estrategias de traducción</subfield>
   </datafield>
   <datafield tag="653" ind2=" " ind1=" ">
      <subfield code="a">Humor</subfield>
   </datafield>
   <datafield tag="653" ind2=" " ind1=" ">
      <subfield code="a">Referents culturals</subfield>
   </datafield>
   <datafield tag="653" ind2=" " ind1=" ">
      <subfield code="a">Estratègies de traducció</subfield>
   </datafield>
   <datafield tag="653" ind2=" " ind1=" ">
      <subfield code="a">Humour</subfield>
   </datafield>
   <datafield tag="653" ind2=" " ind1=" ">
      <subfield code="a">Cultural references</subfield>
   </datafield>
   <datafield tag="653" ind2=" " ind1=" ">
      <subfield code="a">Translation strategies</subfield>
   </datafield>
   <datafield ind2="0" ind1="0" tag="245">
      <subfield code="a">Análisis de la traducción del humor y los elementos culturales de la serie Seinfeld</subfield>
   </datafield>
</record></metadata></record></GetRecord></OAI-PMH>